Gestión integral de programas sociales orientada a resultados

Wedi'i Gadw mewn:
Manylion Llyfryddiaeth
Prif Awduron: Novacovsky, Irene (autora), Chaves, Patricio (Awdur)
Fformat: Llyfr
Iaith:Sbaeneg
Cyhoeddwyd: Buenos Aires Aiempro 1999
Pynciau:
Tagiau: Ychwanegu Tag
Dim Tagiau, Byddwch y cyntaf i dagio'r cofnod hwn!

MARC

LEADER 00000nam a2200000 a 4500
001 UCN4442
003 CL-VaPUC
008 010803e19990400AG |||||||||||||||||spa|d
082 0 4 |a 361.25  |b NOV  |2 21 
100 |a Novacovsky, Irene  |e autora  |9 460865 
700 0 |a Chaves, Patricio  |e author  |9 460866 
245 1 0 |a Gestión integral de programas sociales orientada a resultados 
246 1 0 |a Manual metodológico para la planificación y evaluación de programas sociales 
300 |a 142 p 
942 |c BK 
945 |d 20010803 00:00:00  |a cmena 
260 |a Buenos Aires  |b Aiempro  |c 1999 
650 7 |a PROGRAMAS SOCIALES  |2 CL-VaPUC  |9 324718 
650 0 |a Problemas sociales  |9 258537 
650 7 |a EVALUACION DE PROGRAMAS  |2 CL-VaPUC  |9 351055 
650 7 |a GESTION DE PROGRAMAS SOCIALES  |2 CL-VaPUC  |9 460867 
583 |a last modification  |c 20010803 00:00:00  |k Rodrigo Vera 
999 |c 296685  |d 296683 
952 |0 0  |1 0  |4 0  |6 361_250000000000000_NOV_1999  |7 0  |8 A  |9 350702  |a BIBING  |b BIBING  |d 2019-11-20  |i 3733270  |o 361.25 NOV 1999  |p 3733270  |r 2025-01-20  |w 2019-11-20  |y BK  |k GEO